004890000a2200133000450024501560000065000150015665000180017165000230018965100230021265300180023504100160025310000280026977300580029710aDe plantis toxicariis e mundo novo tropicale commentationes XXXI: further ethnopharmacological notes on malpghiaceous plants of the northwestern Amazon14aBotánica14aToxicología14aEtnofarmacología 4pAmazonia, Colombia fMalpighiaceae0 aPortugués1 aEvans Schultes, Richard1 tBotanical Museum Leaflets31203h2q133-137d1983g29